|
|
|
|
| LEADER |
00738cam a2200181 7i4500 |
| 001 |
0000039607 |
| 005 |
20050307090000.0 |
| 020 |
# |
0 |
|a 0805838309
|
| 090 |
0 |
0 |
|a HQ 27
|b A239
|
| 245 |
0 |
0 |
|a Adolescent romantic relations and sexual behavior :
|b theory, research, and practical implications
|c edited by Paul Florsheim..
|
| 260 |
# |
# |
|a Mahwah, N.J.:
|b Lawrence Erlbaum Associates,
|c 2003.
|
| 300 |
# |
# |
|a xvii, 414 p.:
|b ill.;
|c 23 cm..
|
| 650 |
0 |
0 |
|a Adolescent psychology --
|z United States
|
| 650 |
0 |
0 |
|a Interpersonal relations --
|z United States
|
| 650 |
0 |
0 |
|a Interpersonal conflict --
|z United States
|
| 650 |
0 |
0 |
|a Teenagers --
|x Sexual behavior --
|z United States
|
| 700 |
1 |
1 |
|a Florsheim,
|h Paul
|
| 999 |
|
|
|a 1100028570
|b Book
|c Open Shelf
|e KOLEKSI TERBUKA
|